000 00801nam a22002657a 4500
005 20230512222225.0
008 180529t xxu||||| |||| 00| 0 eng d
020 _a9781680958812
040 _cCSPC
082 0 _a005.1
_bD262
110 0 _a3G E-Learning
245 0 0 _aData structures and algorithm
260 _aUnited States of America :
_b3G E-Learning,
_c2017
300 _ax, 266 pages :
_bfigures, tables;
_c23 cm.
336 _2rdacontent
_atext
337 _2rdamedia
_aunmediated
338 _2rdacarrier
_avolume
500 _aIncludes Index.
650 1 0 _aComputer algorithms.
650 1 0 _aData structures (Computer science).
940 _aLenie
942 _cBOOK
_jCIR 005.1 D262 2017
999 _c5083
_d5083